000 00522nam a22001817a 4500
005 20250519140321.0
008 250519b |||||||| |||| 00| 0 eng d
040 _cDO
245 _aGlobal culture
250 _aAugust 1999 Vol. 196 No. 2
490 _aNational Geographic
520 _aGlobal Culture, A World Together, Tale of Three Cities, Vanishing Cultures, Italy's Endangered Art, The Power of Writing
650 _xDRAWINGS
650 _xCULTURES
650 _xART'S
650 _xWRITING
942 _2ddc
_cCR
999 _c5541
_d5541